Science Quiz

Random Science or Biology Quiz

Non-Mammals Starting with G Quiz Stats

 Plays Quiz not verified by Sporcle

Score 0/10 Timer 08:00
10 Plays Today
% Correct
Goldfish
99.3%
Goose
94%
Gecko
82.1%
Great White Shark
76.3%
Grouse
53.1%
Gila Monster
48.1%
Gar
44%
Grouper
41.7%
Greenland Shark
22.5%
Gharial
22.4%

You're not logged in!

Compare scores with friends on all Sporcle quizzes.
OR
Log In

Show Comments

Extras

Top Quizzes Today


Score Distribution

Your Account Isn't Verified!

In order to create a playlist on Sporcle, you need to verify the email address you used during registration. Go to your Sporcle Settings to finish the process.

Report this User

Report this user for behavior that violates our Community Guidelines.

Details: